Ostraca

محفوظ في:

المؤلف الرئيسي: M. G. Daressy

التنسيق: كتاب

اللغة: Undetermined

منشور في: Vienne Imprimerie A. Holzhausen 1901

سلاسل: Catalogue général des antiquités égyptiennes du Musée du Caire

الموضوعات:

الوسوم: إضافة وسم

لا توجد وسوم, كن أول من يضع وسما على هذه التسجيلة!

رقم الطلب: DT57 .C2 DAR OST

LEADER 00572nam a2200157Ia 4500
008 221002s9999||||xx |||||||||||||| ||und||
050 4 |a DT57 .C2 DAR OST 
100 1 |a M. G. Daressy 
245 1 0 |a Ostraca 
264 1 |a Vienne  |b Imprimerie A. Holzhausen  |c 1901 
300 |a 111P.  |b  plates  |c 35 cm 
490 0 |a  Catalogue général des antiquités égyptiennes du Musée du Caire 
650 4 |a egyptian Language 
942 |2 lcc  |c BK 
952 |0 0  |1 0  |2 lcc  |4 0  |6 DT0057 C2 DAR OST  |7 1  |9 43041  |a ARCE  |b ARCE  |d 2022-10-02  |l 0  |o DT57 .C2 DAR OST  |r 2022-10-02 00:00:00  |w 2022-10-02  |y BK 
999 |c 49597  |d 49597